000 00647nam a22002297a 4500
005 20260123110351.0
008 260123b xxu||||| |||| 00| 0 eng d
020 _a9781975220501 (pbk)
040 _cPK-LaUMT
082 _a615.1
_bLIP-
245 _aLippincott illustrated reviews : biochemistry /
_cby Emine Ercikan Abali . . . [et al.]
250 _a9th ed.
260 _aPhiladelphia :
_bHealth,
_c2025
300 _a661 p.
650 _aMedicines
_98904
650 _aDrugs
650 _aBiochemistry
700 _aCline, Susa D.
_98905
700 _aFranklin, David S.
_98906
700 _aViselli, Susan M.
_98907
942 _cBK
999 _c139598
_d139598